The Clarke papers : selections from the papers of William Clarke, secretary to the Council of the army, 1647-1649, and to General Monck and the commanders of the army in Scotland, 1651-1660 /

Bibliographic Details
Main Author: Clarke, William, Sir, 1623-1666
Other Authors: Firth, C. H. (Charles Harding), 1857-1936 (Editor)
Format: Book
Language:English
Published: New York : Johnson Reprint Corp., [1965]
Series:Works of the Camden Society ; n.s., v. 49.
Works of the Camden Society ; n.s., v. 51.
Works of the Camden Society ; n.s., v. 61.
Works of the Camden Society ; n.s., v. 62.
Subjects:

MARC

Tag First Indicator Second Indicator Subfields
LEADER 00000cam a2200000I 4500
001 in00002052299
005 20151101064815.0
008 720302s1965 nyua 001 0 eng d
035 |a (OCoLC)ocm00254124 
040 |a YNG  |c YNG  |d OCLCQ  |d TXA  |d UtOrBLW 
043 |a e-uk--- 
049 |a TXAM 
090 |a DA20  |b .C17 n.s. v. 49, etc. 1965 
100 1 |a Clarke, William,  |c Sir,  |d 1623-1666. 
245 1 4 |a The Clarke papers :  |b selections from the papers of William Clarke, secretary to the Council of the army, 1647-1649, and to General Monck and the commanders of the army in Scotland, 1651-1660 /  |c edited by C.H. Firth. 
264 1 |a New York :  |b Johnson Reprint Corp.,  |c [1965] 
300 |a 4 volumes :  |b illustrations 
336 |a text  |b txt  |2 rdacontent 
337 |a unmediated  |b n  |2 rdamedia 
338 |a volume  |b nc  |2 rdacarrier 
490 1 |a Camden Society (Great Britain). Publications ;  |v new ser., no. 49,51,61-62 
500 |a Reprint of the 1891-1901 edition. 
500 |a Includes indexes. 
651 0 |a Great Britain  |x History  |y Civil War, 1642-1649. 
700 1 |a Firth, C. H.  |q (Charles Harding),  |d 1857-1936,  |e editor. 
830 0 |a Works of the Camden Society ;  |v n.s., v. 49. 
830 0 |a Works of the Camden Society ;  |v n.s., v. 51. 
830 0 |a Works of the Camden Society ;  |v n.s., v. 61. 
830 0 |a Works of the Camden Society ;  |v n.s., v. 62. 
994 |a E0  |b TXA 
948 |a cataloged  |b h  |c 2005/5/24  |d c  |e jlanham  |f 10:16:35 am 
999 |a MARS 
999 f f |s c2639cae-53df-38ba-95b5-8b99cd4db909  |i 6e6c209d-e895-312c-9094-6da5b8d52aed  |t 0 
952 f f |p ric  |a Texas A&M University  |b Rellis Campus  |c Joint Library Facility  |d Remote Storage  |t 0  |e DA20 .C17 n.s. v. 49, etc. 1965  |h Library of Congress classification  |i unmediated -- volume  |k v.3=n.s.,v.61  |m A14801906175 
952 f f |p ric  |a Texas A&M University  |b Rellis Campus  |c Joint Library Facility  |d Remote Storage  |t 0  |e DA20 .C17 n.s. v. 49, etc. 1965  |h Library of Congress classification  |i unmediated -- volume  |k v.4=n.s.,v.62  |m A14801906191 
952 f f |p ric  |a Texas A&M University  |b Rellis Campus  |c Joint Library Facility  |d Remote Storage  |t 0  |e DA20 .C17 n.s. v. 49, etc. 1965  |h Library of Congress classification  |i unmediated -- volume  |k v.2=n.s.,v.54  |m A14814586798 
952 f f |p ric  |a Texas A&M University  |b Rellis Campus  |c Joint Library Facility  |d Remote Storage  |t 0  |e DA20 .C17 n.s. v. 49, etc. 1965  |h Library of Congress classification  |i unmediated -- volume  |k v.1=n.s.,v.49  |m A14814586641 
998 f f |a DA20 .C17 n.s. v. 49, etc. 1965  |s v.4=n.s.,v.62  |t 0  |l Remote Storage